Loading...
| Science - Chemistry | 0 | 7 | 2 | 0 | 60 | 62 | 71.57 | 4 | 7 | 0.00 | 0.00 |
| Science - Biology | 0 | 7 | 3 | 0 | 55 | 29 | 73.43 | 6 | 7 | 0.00 | 0.00 |
| Science - Other | 0 | 5 | 4 | 1 | 30 | 71 | 97.20 | 3 | 4 | 0.00 | 0.00 |
| Science - Physics | 0 | 3 | 0 | 1 | 30 | 81 | 105.33 | 0 | 2 | 0.00 | 0.00 |
| Religion | 0 | 3 | 1 | 0 | 25 | 66 | 86.00 | 3 | 3 | 0.00 | 0.00 |
| Literature - European | 0 | 2 | 1 | 1 | 15 | 57 | 83.50 | 0 | 2 | 0.00 | 0.00 |
| Literature - American | 0 | 2 | 2 | 1 | 10 | 101 | 116.50 | 0 | 2 | 0.00 | 0.00 |
| Fine Arts - Painting and Sculpture | 0 | 1 | 0 | 0 | 10 | 77 | 77.00 | 0 | 1 | 0.00 | 0.00 |
| History - World | 0 | 1 | 0 | 1 | 10 | 120 | 120.00 | 0 | 1 | 0.00 | 0.00 |
| Literature - World | 0 | 1 | 1 | 0 | 5 | 144 | 144.00 | 0 | 1 | 0.00 | 0.00 |
| Fine Arts - Classical Music | 0 | 1 | 1 | 0 | 5 | 85 | 85.00 | 0 | 1 | 0.00 | 0.00 |
| Literature - British | 0 | 1 | 2 | 0 | 0 | 85 | 85.00 | 0 | 1 | 0.00 | 0.00 |
| Mythology | 0 | 1 | 3 | 0 | -5 | 130 | 130.00 | 0 | 1 | 0.00 | 0.00 |
| History - Other | 0 | 0 | 2 | 0 | -10 | 0.00 | 0 | 0 | 0.00 | 0.00 |